[Event "Taastrup op"]
[Site "Taastrup"]
[Date "2001.01.27"]
[Round "5"]
[White "Pedersen, Bent Ole"]
[Black "Petersen, Nils"]
[Result "1/2-1/2"]
[WhiteElo "1696"]
[BlackElo "2039"]
[PlyCount "97"]
[EventDate "2001.01.19"]
[EventType "swiss"]
[EventRounds "9"]
[EventCountry "DEN"]
[SourceTitle "EXT 2018"]
[Source "ChessBase"]
[SourceDate "2017.10.13"]
[SourceVersion "1"]
[SourceVersionDate "2017.10.13"]
[SourceQuality "1"]

1. e4 c5 2. Nf3 Nc6 3. d4 cxd4 4. Nxd4 e5 5. Nb5 d6 6. N5c3 Be6 7. Nd5 Nf6 8. Nbc3 Be7 9. Be2 0-0 10. Be3 Bxd5 11. exd5 Nb8 12. 0-0 Nbd7 13. Bf3 b6 14. Qd2 a5 15. a4 Nc5 16. Rfd1 Nfd7 17. Be2 f5 18. f3 f4 19. Bf2 Bh4 20. Bb5 Bxf2+ 21. Qxf2 Qe7 22. Qe2 Rf6 23. Bc6 Raf8 24. Qb5 Qd8 25. Re1 Rh6 26. Bxd7 Nxd7 27. Ne4 Qc7 28. Qe2 Rc8 29. Rac1 Nf6 30. c4 Nxe4 31. Qxe4 Rf6 32. Qc2 Qc5+ 33. Qf2 Qb4 34. Qc2 Rf7 35. b3 g6 36. Qc3 Qc5+ 37. Kf1 Rfc7 38. Qd3 Rf7 39. Re2 Rf5 40. Rec2 Rh5 41. h3 Rf8 42. Qe2 Re8 43. Qf2 e4 44. fxe4 Rxe4 45. Qxc5 bxc5 46. Re1 Rhe5 47. Rxe4 Rxe4 48. Re2 Rxe2 49. Kxe2 1/2-1/2